000 00573nam a2200193Ia 4500
005 20250508153954.0
008 008 250505s9999 xx 000 0 eng d
037 _aTextual
040 _aFEDL
_beng
_cFEDL
041 _aeng
_2eng
084 _a370.952, UNI
_qFEDL
100 _aAnderson Ronald S
_9763868
245 0 _aJapan : Three epochs of modern education
260 _aWashington, USA
_bU.S. Government Printing Office
_c1959
300 _axii,219p.
650 _aEducation - Japan
942 _cTEXL
_h370.952, UNI
999 _c1346724
_d1346724